000 01038nam a22003970a 4500
001 PT51996
003 AR-LpoUNG
005 20210131231447.0
008 191001s1994||||ag |||||||||||||||||spa d
020 _a9505563248
_c$28
040 _aAR-LpoUNG
_bspa
_cAR-LpoUNG
_eaacr
041 _aspa
044 _aag
082 0 _a982.067 942ide
100 1 _aMuchnik, Daniel
245 1 0 _aIdentidad perdida :
_bla menemización de la sociedad argentina
250 _a1§ ed.
260 _aBuenos Aires :
_bGalerna,
_c1994.
300 _a254 p. :
_btbls.
650 4 _aACUERDOS MONETARIOS
650 4 _aANALISIS HISTORICO
650 4 _aARGENTINA
650 4 _aASPECTOS ECONOMICOS
650 4 _aASPECTOS POLITICOS
650 4 _aESTADO
650 4 _aHISTORIA
650 4 _aHISTORIA POLITICA
650 4 _aIDENTIDAD CULTURAL
650 4 _aIDEOLOGIAS POLITICAS
650 4 _aPRIVATIZACION
650 4 _aSISTEMAS MONETARIOS
651 4 _aArgentina
653 _aMENEM, CARLOS SAUL
905 _a51996
942 _cLIB
999 _c10192
_d10192